Cristóbla Colón : (Registro nro. 41373)
[ vista simple ]
| 000 -LEADER | |
|---|---|
| fixed length control field | 01257cam a2200349 i 4500 |
| 001 - CONTROL NUMBER | |
| control field | 41373 |
| 003 - CONTROL NUMBER IDENTIFIER | |
| control field | Mx-PuUPA |
| 005 - DATE AND TIME OF LATEST TRANSACTION | |
| control field | 20241113105118.0 |
| 008 - FIXED-LENGTH DATA ELEMENTS--GENERAL INFORMATION | |
| fixed length control field | 140415s1977 sp gr 000 0aspa d |
| 020 ## - INTERNATIONAL STANDARD BOOK NUMBER | |
| International Standard Book Number | 8423906337 |
| 040 ## - CATALOGING SOURCE | |
| Original cataloging agency | Mx-PuUPA |
| Language of cataloging | spa |
| Transcribing agency | Mx-PuUPA |
| Modifying agency | Mx-PuUPA |
| Description conventions | rda |
| 041 0# - LANGUAGE CODE | |
| Language code of text/sound track or separate title | spa |
| 100 1# - MAIN ENTRY--PERSONAL NAME | |
| Personal name | Columbus, Christopher |
| Dates associated with a name | 1451-1506 |
| 9 (RLIN) | 16441 |
| Relator term | autor |
| 245 14 - TITLE STATEMENT | |
| Title | Cristóbla Colón : |
| Remainder of title | los cuatro viajes del almirante y su testamento / |
| Statement of responsibility, etc. | edición y prólogo de Ignacio B. Anzoátegui |
| 246 3# - VARYING FORM OF TITLE | |
| Title proper/short title | Los cuatro viajes del almirante y su testamento. |
| 250 ## - EDITION STATEMENT | |
| Edition statement | Sexta edición |
| 264 #1 - PRODUCTION, PUBLICATION, DISTRIBUTION, MANUFACTURE, AND COPYRIGHT NOTICE | |
| Place of production, publication, distribution, manufacture | Madrid : |
| Name of producer, publisher, distributor, manufacturer | Espasa Calpe, |
| Date of production, publication, distribution, manufacture, or copyright notice | 1977 |
| 300 ## - PHYSICAL DESCRIPTION | |
| Extent | 221 páginas ; |
| Dimensions | 18 cm |
| 336 ## - CONTENT TYPE | |
| Fuente | rdacontent |
| Content type term | texto |
| Content type code | txt |
| 337 ## - MEDIA TYPE | |
| Source | rdamedia |
| Media type term | sin medio |
| Media type code | n |
| 338 ## - CARRIER TYPE | |
| Source | rdacarrier |
| Carrier type term | volumen |
| Carrier type code | nc |
| 490 0# - SERIES STATEMENT | |
| Series statement | Colección Austral ; |
| Volume/sequential designation | 633 |
| 600 14 - SUBJECT ADDED ENTRY--PERSONAL NAME | |
| Personal name | Columbus, Christopher, |
| Dates associated with a name | 1451-1506 |
| Form subdivision | Autobiografía |
| 650 #7 - SUBJECT ADDED ENTRY--TOPICAL TERM | |
| Source of heading or term | armarc |
| Topical term or geographic name entry element | Descubrimientos geográficos |
| Geographic subdivision | España |
| General subdivision | |
| 650 #7 - SUBJECT ADDED ENTRY--TOPICAL TERM | |
| Source of heading or term | armarc |
| Topical term or geographic name entry element | Viajes marítimos |
| 651 #4 - SUBJECT ADDED ENTRY--GEOGRAPHIC NAME | |
| Geographic name | América |
| General subdivision | Descubrimiento y exploración |
| Geographic subdivision | España |
| Chronological subdivision | Siglo XV - XVI |
| 700 1# - ADDED ENTRY--PERSONAL NAME | |
| Personal name | Anzoátegui, Ignacio B., |
| Relator term | editor |
| 942 ## - ADDED ENTRY ELEMENTS (KOHA) | |
| Source of classification or shelving scheme | Dewey Decimal Classification |
| Koha item type | Libro |
| Classification part | 970.015 |
| Item part | C68 |
| Withdrawn status | Lost status | Source of classification or shelving scheme | Damaged status | Not for loan | Collection code | Home library | Current library | Shelving location | Date acquired | Source of acquisition | Total Checkouts | Full call number | Barcode | Date last seen | Price effective from | Koha item type |
|---|---|---|---|---|---|---|---|---|---|---|---|---|---|---|---|---|
| Dewey Decimal Classification | General | Centro de Estudios Guadalupanos | Centro de Estudios Guadalupanos | Sala general | 03/12/2013 | 970.015 C68 1977 | 62420 | 05/01/2026 | 03/12/2013 | Libro |